Jak lobbovat v Evropské unii aneb Machiavelli v Bruselu
Gespeichert in:
| 1. Verfasser: | |
|---|---|
| Weitere Verfasser: | |
| Format: | Buch |
| Sprache: | Tschechisch |
| Veröffentlicht: |
Brno
Centrum strategických studií
2004
|
| Schriftenreihe: | Evropská politika
|
| Schlagworte: | |
| Tags: |
Keine Tags, Fügen Sie das erste Tag hinzu!
|
MARC
| LEADER | 00000nam$a2200000$$$4500 | ||
|---|---|---|---|
| 001 | 0027269 | ||
| 005 | 20240306141426.1 | ||
| 020 | |a 80-86598-75-6 | ||
| 020 | |a 80-903333-2-X | ||
| 041 | 0 | |a cze | |
| 044 | |a CZ | ||
| 245 | 1 | 0 | |a Jak lobbovat v Evropské unii |b aneb Machiavelli v Bruselu |c Rinus van Schendelen ; [prekl. Pavel Dufek] |
| 264 | 1 | |a Brno |b Centrum strategických studií |c 2004 | |
| 300 | |a 350 s. | ||
| 490 | 1 | |a Evropská politika | |
| 830 | 0 | |a Evropská politika | |
| 610 | 2 | 0 | |a lobizmus |
| 610 | 2 | 0 | |a Európska únia |
| 610 | 2 | 0 | |a vzťahy hospodárske medzinárodné |
| 610 | 2 | 0 | |a vzťahy politické medzinárodné |
| 610 | 2 | 0 | |a procesy rozhodovacie |
| 610 | 2 | 0 | |a skupiny záujmové |
| 610 | 2 | 0 | |a komunikácia |
| 610 | 2 | 0 | |a demokracia |
| 610 | 2 | 0 | |a Európsky parlament |
| 100 | 1 | |a Schendelen, Rinus van | |
| 700 | 1 | |a Dufek, Pavel | |